1944 1740 1057 1332 1577 1357 1488 1860 1126 1653 1190 1444 1063 1478 1870 1130 1695 1967 1946 1563 1374 1725 1144 1939 1324 1318 1898 1296 1043 1467 1505 1726 1467 1952 1991 1934 1434 1225 1242 1849 1755 1081 1930 1614 1152 1886 1678 1857 1303 1556 1324 1657 1148 1336 1045 1959 1352 1453 1417 1254 1146 1227 1751 1969 1894 1347 1015 1976 1886 1556 1496 1732 1554 1129 1250 1541 1523 1222 1853 1328 1716 1964 1679 1897 1250 1495 1967 1595 1412 1491 1107 1059 1801 1905 1472 1400 1908 1921 1302 BCNSPRNW ULIB Ver.6.0+V

เปลี่ยนเป็นภาษาไทย

Change to English
 แสดงรายละเอียดบรรณานุกรม
  กลับหน้าหลัก

Brief Record : Get Marc (ISO 2709) : E-mail record : QR code < ปิดหน้าต่าง
LEADER : 00000nam 2200000uu 4500
001    13399120871
003     ULIB
008    121022s2555||||th 000 0 tha d
099    ^aวจ.WY18.5^bช617ป
100 0  ^aชุติมา บูรณธนิต
245 00 ^aปัจจัยที่สัมพันธ์กับผลการสอบความรู้ผู้ขอขึ้นทะเบียนเพื่อรับใบอนุญาตเป็นผู้ประกอบวิชาชีพการพยาบาลและการผดุงครรภ์ ชั้นหนึ่ง ของผู้สำเร็จการศึกษาจากวิทยาลัยพยาบาลบรมราชชนนี สวรรค์ประชารักษ์ นครสวรรค์/^cชุติมา บูรณธนิต ,สุภาเพ็ญ ปาณะวัฒนพิสุทธิ์ และสิริกานต์ แรงกสิกร
260    ^aนครสวรรค์ :^bวิทยาลัยพยาบาลบรมราชชนนี สวรรค์ประชารักษ์ นครสวรรค์,^c2555
300    ^a58 หน้า
650  7 ^a การสอบ^xวิจัย
650  7 ^aวิทยาลัยพยาบาลบรมราชชนนี สวรรค์ประชารักษ์ นครสวรรค์
650  7 ^aวิชาชีพพยาบาล^xการสอบ^xวิจัย
700 0  สุภาเพ็ญ ปาณะวัฒนพิสุทธิ์
700 0  สิริกานต์ แรงกสิกร
945    ^p0^l0^i032854
945    ^p0^l0^i032855
995    ^aเกษร
999 ^a ใช้งานได้ทุกระบบ
รายการนี้ยังไม่มีแท็ก
คุณยังไม่ได้ล็อกอิน คุณสามารถมีกิจกรรมร่วมกับเว็บไซต์ได้ แต่ต้องล็อกอินก่อน ::
  ล็อกอิน

รายการสื่อสารสนเทศ

ลำดับที่ ประเภท เลขเรียก/บาร์โค้ด สถานที่ สถานะ
1. งานวิจัย
งานวิจัย
วจ.WY18.5 ช617ป  
  Barcode: 032854
ห้องสมุดวิทยาเขตสวรรค์ประชารักษ์
►วิจัย
บนชั้น
2. งานวิจัย
งานวิจัย
วจ.WY18.5 ช617ป ฉ.2 
  Barcode: 032855
ห้องสมุดวิทยาเขตสวรรค์ประชารักษ์
►วิจัย
บนชั้น

รายการใกล้เคียง
    ผู้แต่ง [ชุติมา บูรณธนิต]

    หัวเรื่อง [วิทยาลัยพยาบาลบรมราชชนนี สวรรค์ประชารักษ์ นครสวรรค์]

BibComment


ยังไม่เคยถูกคอมเมนท์

คอมเมนท์ทรัพยากรรายการนี้
  คอมเมนท์: ปัจจัยที่สัมพันธ..


 Copyright 2026. Bcnsprnw @Library